| 000 | 00866cam a2200337 4500 | ||
|---|---|---|---|
| 008 | 090401t1987 xxu||||| |||| 00| 0 eng d | ||
| 020 | _a0291397417 | ||
| 035 | _a(Sirsi) u20810 | ||
| 041 | _aeng | ||
| 050 | _a658.404 | ||
| 245 | _aProject management handbook | ||
| 260 |
_aAldershot,Hants _bGower Technical Press Limited _c1987 |
||
| 300 | _axxii,625p. ; 23cm. | ||
| 350 | _a45 | ||
| 650 | _aBUILT ENVIRONMENT-BUILDING CONTRACT FORMS | ||
| 650 | _aCOMPUTERS | ||
| 650 | _aCONFLICT | ||
| 650 | _aCONTRACT ADMINISTRATION | ||
| 650 | _aCOST CONTROL | ||
| 650 | _aCOST ESTIMATING | ||
| 650 | _aFINANCE | ||
| 650 | _aFUNDING | ||
| 650 |
_aInsurance _96249 |
||
| 650 | _aMOTIVATION | ||
| 650 | _aNETWORK ANALYSIS | ||
| 650 | _aRISK ANALYSIS | ||
| 650 | _aSCHEDULING | ||
| 700 |
_aLock, Dennis _xEditor |
||
| 942 | _n0 | ||
| 948 | _c04/03/1997 | ||
| 999 |
_c87878 _d87878 |
||